000 01244nam0a22002771 4500
001 rc\2775654
005 20250806204806.0
035 _a(NLR Aleph) 006901944
090 _a21946
_c21946
100 _a20110915d1941 u y0rusy50 ca
101 0 _arus
102 _aRU
105 _aa z |||||
200 1 _aОднофонтурная быстроходная основовязальная машина
_eУтв. Гл. упр. трикотаж. пром-сти в качестве учеб. пособия для школ ФЗУ и тех. минимума
_fА. М. Каценеленбоген, В. С. Богданович
210 _aМосква
_aЛенинград
_cГизлегпром
_d1941
_eСерпухов
215 _a132 с.
_cил., черт.
_d20 см.
225 1 _aУчебники и учебные пособия для школ ФЗУ
700 1 _aКаценеленбоген
_bА.М.
_gАбрам Моисеевич
701 1 _aБогданович
_bВ.С.
_gВладимир Сергеевич
801 0 _aRU
_bNLR
_gpsbo
801 1 _aRU
_bELAR
_2rusmarc
852 _aNLR
_jТ56 Г-3/5
942 _cBOOK
945 _aРоссийская национальная библиотека
980 _aNB
980 _aBV